Arctic Monkeys Lyrics - Tranquility Base Hotel & Casino - Statistics

General Stats
  • This quiz has been taken 64 times
  • The average score is 132 of 176
Answer Stats
Lyrics % Correct
a
100%
I
100%
and
98%
And
98%
Base
98%
Casino
98%
Hotel
98%
Tranquility
98%
the
95%
in
93%
me,
93%
me
93%
you
93%
your
93%
how
91%
speaking
91%
mark
89%
Mark
89%
may
89%
Please,
89%
call?
86%
tell
86%
out
84%
out?
84%
day
82%
direct
82%
spa,
82%
Jesus
80%
on
80%
to
77%
Just
75%
just
75%
afternoon
73%
Do
73%
do
73%
Good
73%
got
73%
information
73%
Kiss
73%
that
73%
been
70%
underneath
70%
it
68%
I've
68%
Where
68%
where
68%
all
66%
baby
66%
but
66%
filling
66%
form
66%
Mama
66%
side
66%
Then
66%
eve,
64%
miss
64%
moon's
64%
get
61%
one
61%
protest
61%
really
61%
advances
59%
back
59%
boob
59%
crisp
59%
figure
59%
manage
59%
sing
59%
some
59%
song
59%
Technological
59%
went
59%
wrong?
59%
bloody
57%
close
57%
hair
57%
Have
57%
never
57%
questions
57%
answers
55%
bender
55%
catch
55%
dark
55%
her
55%
Hoo
55%
ponder
55%
Pull
55%
remember
55%
This
55%
wish
55%
done,
52%
left
52%
mood
52%
prophetic
52%
thinking
52%
wants
52%
ever
50%
generation
50%
might
50%
trying
50%
you'd
50%
celebrate
48%
house?
48%
if
48%
magical
45%
as
43%
spent
43%
popping
41%
esplanade
39%
feels
36%
No matching quizzes found
Score Distribution
Percent of People with Each Score
Percentile by Number Answered
Your Score History
You have not taken this quiz